Návrh experimentálneho pracoviska pre fyzikálne modelovanie veterných elektrární

Gespeichert in:
Bibliographische Detailangaben
1. Verfasser: Lozsiová, Jana (Verfasst von)
Weitere Verfasser: Pípa, Marek (Betreuung Doktorarbeit)
Format: Manuskript Buch
Sprache:Slowakisch
Veröffentlicht: Bratislava : STU v Bratislave FEI, 2021
Schlagworte:
Online-Zugang:https://opac.crzp.sk/?fn=detailBiblioForm&sid=CF9E62B1F4156FE3B92B0384D7C8&seo=CRZP-detail-kniha
Tags: Tag hinzufügen
Keine Tags, Fügen Sie das erste Tag hinzu!

MARC

LEADER 00000ntm a22000003a 4500
001 stuzp82710
003 SK-STU
005 20210818112732.3
007 ta
008 150427s2015----xo-----f-mn---000-0-slo-d
040 |a STU  |b slo 
041 0 |a slo 
044 |a xo 
100 1 |a Lozsiová, Jana  |u 032000  |4 aut  |U FEI Fakulta elektrotechniky a informatiky  |U FEI Fakulta elektrotechniky a informatiky  |T FEI Ústav elektroenergetiky a aplikovanej elektrotechniky  |X 98061  |U E020  |Y 548  |7 98061 
242 0 1 |a Design of an experimental workplace for physical modeling of wind power plants  |y eng 
245 1 0 |a Návrh experimentálneho pracoviska pre fyzikálne modelovanie veterných elektrární 
260 |a Bratislava :  |b STU v Bratislave FEI,  |c 2021 
300 |a 75 s. 
650 4 |a vietor  |2 slo 
650 4 |a obnoviteľný zdroj energie  |2 slo 
650 4 |a veterné elektrárne  |2 slo 
650 4 |a aerodynamický tunel  |2 slo 
650 4 |a wind  |2 eng 
650 4 |a renewable source of energy  |2 eng 
650 4 |a wind power plants  |2 eng 
650 4 |a aerodynamic tunnel  |2 eng 
700 1 |a Pípa, Marek  |u 032000  |k Z1  |4 ths  |U FEI Fakulta elektrotechniky a informatiky  |U FEI Fakulta elektrotechniky a informatiky  |T FEI Ústav elektroenergetiky a aplikovanej elektrotechniky  |X 2666  |U E020  |Y 548  |7 A000002666 
856 4 |u https://opac.crzp.sk/?fn=detailBiblioForm&sid=CF9E62B1F4156FE3B92B0384D7C8&seo=CRZP-detail-kniha